|
|
|
|
| LEADER |
01734cas a2200241 a 4500 |
| 001 |
AALejournalIMF010158 |
| 008 |
230101c9999 xx r poo 0 0eng d |
| 020 |
|
|
|c 5.00 USD
|
| 020 |
|
|
|z 9781451928815
|
| 022 |
|
|
|a 1018-5941
|
| 040 |
|
|
|a BD-DhAAL
|c BD-DhAAL
|
| 110 |
2 |
|
|a International Monetary Fund.
|
| 245 |
1 |
4 |
|a The Relevance of Fiscal Conditions for the Success of European Monetary Integration.
|
| 264 |
|
1 |
|a Washington, D.C. :
|b International Monetary Fund,
|c 1989.
|
| 300 |
|
|
|a 1 online resource (30 pages)
|
| 490 |
1 |
|
|a IMF Working Papers
|
| 500 |
|
|
|a <strong>Off-Campus Access:</strong> No User ID or Password Required
|
| 500 |
|
|
|a <strong>On-Campus Access:</strong> No User ID or Password Required
|
| 506 |
|
|
|a Electronic access restricted to authorized BRAC University faculty, staff and students
|
| 520 |
3 |
|
|a The paper argues that international differences in fiscal conditions influence the relative attractiveness of locating production facilities in different countries and could prove to be a troublesome source of instability for the European economies. Even though physical capital movements tend to occur slowly, divergent fiscal conditions can exert pressures on exchange rates in the short run, and the monetary policy reactions induced in a fixed exchange rate regime may affect real wage rates and/or employment levels. The implications for tax harmonization and budget discipline are discussed. It is argued that monetary integration itself will not induce fiscal discipline.
|
| 538 |
|
|
|a Mode of access: Internet
|
| 830 |
|
0 |
|a IMF Working Papers; Working Paper ;
|v No. 1989/006
|
| 856 |
4 |
0 |
|z Full text available on IMF
|u http://elibrary.imf.org/view/journals/001/1989/006/001.1989.issue-006-en.xml
|z IMF e-Library
|